Nannooruparampara rubberinangal. 3. Nannoruparampara rubberinangalude vankida gaveshana bhalangal (Record no. 49169)

MARC details
000 -LEADER
fixed length control field 00386nam a2200133Ia 4500
100 ## - MAIN ENTRY--AUTHOR NAME
Personal name Mydin K K
245 #0 - TITLE STATEMENT
Title Nannooruparampara rubberinangal. 3. Nannoruparampara rubberinangalude vankida gaveshana bhalangal
260 ## - PUBLICATION, DISTRIBUTION, ETC. (IMPRINT)
Name of publisher Rubber
Year of publication 2008
300 ## - PHYSICAL DESCRIPTION
Number of Pages 15-17
650 ## - SUBJECT ADDED ENTRY--TOPICAL TERM
Topical Term RRII 400 series clones
700 ## - ADDED ENTRY--PERSONAL NAME
Personal name Varghese Y A
942 ## - ADDED ENTRY ELEMENTS (KOHA)
Koha item type Bibliography STAF
Holdings
Withdrawn status Lost status Damaged status Not for loan Home library Current library Shelving location Date acquired Serial Enumeration / chronology Koha item type
      Bibliography RRII Library RRII Library Botany 19/06/2008 Volume 505, Issue April Bibliography STAF